| 000 | 00593cam a2200205 a 4500 | ||
|---|---|---|---|
| 001 | 000007512 | ||
| 005 | 20200929154208.0 | ||
| 008 | 791119s1962 sp 000 e spa d | ||
| 035 |
_aBNPHU _bspa |
||
| 040 | _aDO-SdBNP | ||
| 082 |
_a864.6 _bC392r |
||
| 100 | 1 |
_aCela, Camilo José, _d1916-2002. _93188 |
|
| 245 | 1 | 3 |
_aLa rueda de los ocios / _cCamilo José Cela. |
| 260 |
_aBarcelona : _bMateu, _c1962. |
||
| 300 |
_a335 p. ; _c20 cm. |
||
| 490 | 1 |
_aTodos para muchos _v7 |
|
| 650 | 4 |
_aEnsayos españoles _93095 |
|
| 650 | 4 |
_aLiteratura española _9632 |
|
| 830 | 0 |
_aTodos para muchos; _v7 _920859 |
|
| 999 |
_c7293 _d7293 |
||